000 00697nam a22002177a 4500
003 UA-OsUOA
001 122090
007 ta
008 20170410b un ||||| |||| 00| 0 ukr d
100 _aРездюк Є.В.
090 _a330(477)
_bР34
942 _cSA
040 _aUA-OsUOA
_bukr
_cUA-OsUOA
_dUA-OsUOA
245 _aПрямі іноземні інвестиції: можливості для продуктивного економічного зростання в Україні
300 _aС.96-111
955 _a0
041 _aukr
080 _a330(477)
773 0 _w122082
_tФінанси України
_dК.
_d2017
_g3
650 7 _a330 Економіка взагалі
_2UDC
999 _c393483
_d393483